Pontsarn Investments Ltd v Kansallis-Osake-Pankki (Record no. 36000)
[ view plain ]
| 000 -LEADER | |
|---|---|
| fixed length control field | 01670cab a2200229 4500 |
| 001 - CONTROL NUMBER | |
| control field | ABS46612 |
| 008 - FIXED-LENGTH DATA ELEMENTS--GENERAL INFORMATION | |
| fixed length control field | 090401t1992 xxu||||| |||| 00| 0 eng d |
| 035 ## - SYSTEM CONTROL NUMBER | |
| System control number | (Sirsi) u58865 |
| 041 ## - LANGUAGE CODE | |
| Language code of text/sound track or separate title | eng |
| 245 ## - TITLE STATEMENT | |
| Title | Pontsarn Investments Ltd v Kansallis-Osake-Pankki |
| 260 ## - PUBLICATION, DISTRIBUTION, ETC. | |
| Date of publication, distribution, etc. | 1992 |
| 350 ## - PRICE (NR) (BK AM CF MU VM SE) [OBSOLETE] | |
| Price | 0 |
| 490 ## - SERIES STATEMENT | |
| Series statement | Estates Gazette |
| Volume/sequential designation | (1992) 22 EG 103-110(5) |
| 520 ## - SUMMARY, ETC. | |
| Summary, etc. | ChD 19 March 1992. By a lease dated October 1985 the plaintiff, as landlord, demised the premises to the defendant, as tenant, for a period of 25 years. The dispute relates to that part of the building used as offices. The initial rent was £1,242,000pa with five yearly rent reviews. This dispute arose at the first rent review. The parties agreed on a surveyor to act as arbitrator. Both parties made submissions to the arbitrator. The landlord claimed an increase of 10% based on comparables. The tenants however claimed that `vacant but fit for immediate occupation and use` merely means that you disregard any period of time necessary to fit out the premises. The enforcement notices were served on M and no further demolition work took the arbitrators decision was binding. After a detailed consideration of the case law relating to binding arbitration it was held that it was binding as no error of judgement had been made. The arbitrator was right to hold that `fit for occupation and use` m |
| 650 ## - SUBJECT ADDED ENTRY--TOPICAL TERM | |
| Topical term or geographic name entry element | MANAGEMENT-DISPUTE AVOIDANCE, MANAGEMENT AND RESOLUTION-DISPUTE MANAGEMENT AND RESOLUTION-ARBITRATION |
| 650 ## - SUBJECT ADDED ENTRY--TOPICAL TERM | |
| Topical term or geographic name entry element | FIT FOR OCCUPATION |
| 650 ## - SUBJECT ADDED ENTRY--TOPICAL TERM | |
| Topical term or geographic name entry element | FITTED OUT |
| 650 ## - SUBJECT ADDED ENTRY--TOPICAL TERM | |
| Topical term or geographic name entry element | RENT REVIEWS |
| 690 ## - LOCAL SUBJECT ADDED ENTRY--TOPICAL TERM (OCLC, RLIN) | |
| Topical term or geographic name as entry element | LANDLORD AND TENANT-CASE LAW-RENT REVIEWS |
| 942 ## - ADDED ENTRY ELEMENTS (KOHA) | |
| Suppress in OPAC | 0 |
| 948 ## - LOCAL PROCESSING INFORMATION (OCLC); SERIES PART DESIGNATOR (RLIN) | |
| c (OCLC) | 04/03/1997 |
| Withdrawn status | Lost status | Source of classification or shelving scheme | Damaged status | Not for loan | Home library | Current library | Shelving location | Date acquired | Total Checkouts | Full call number | Barcode | Date last seen | Copy number | Price effective from | Koha item type |
|---|---|---|---|---|---|---|---|---|---|---|---|---|---|---|---|
| Dewey Decimal Classification | London | London | Journal article | 14/09/1999 | ABS46612 | 58865-1001 | 06/08/2019 | 1 | 06/08/2019 | Law report |